| 000 | 00667cam a2200229 4500 | ||
|---|---|---|---|
| 001 | M39 | ||
| 008 | 090401t1990 xxu||||| |||| 00| 0 eng d | ||
| 035 | _a(Sirsi) u39503 | ||
| 041 | _aeng | ||
| 050 | _a333.007 | ||
| 090 | _aRICS 1990/97A | ||
| 110 |
_aRoyal Institution of Chartered Surveyors _bEducation and Membership Committee _92775 |
||
| 245 | 4 | _aThe education and training of technical support staff. | |
| 260 |
_aLondon _bRICS SST _c1990 |
||
| 300 | _a[9]p.; 21cm. | ||
| 350 | _a0 | ||
| 520 | _aReport of a working party. | ||
| 700 |
_aLarge, J. C. _xChairman |
||
| 710 |
_aSociety of Surveying Technicians _93045 |
||
| 942 | _n0 | ||
| 948 | _c04/03/1997 | ||
| 999 |
_c90787 _d90787 |
||